[Event "GBR-ch111 Major Open"]
[Site "Liverpool"]
[Date "2025.08.10"]
[Round "9.57"]
[White "Banerjee, Sanjoy K"]
[Black "Ding, Yihua"]
[Result "1-0"]
[WhiteElo "1729"]
[BlackElo "1536"]
[PlyCount "103"]
[EventDate "2025.08.02"]
[EventType "swiss"]
[EventRounds "9"]
[EventCountry "GBR"]
[SourceTitle "BritBase"]
[Source "John Saunders"]
[SourceDate "2025.08.11"]
[SourceVersion "1"]
[SourceVersionDate "2025.08.11"]
[SourceQuality "1"]

1. d4 Nf6 2. c4 e6 3. Nf3 b6 4. g3 Bb7 5. Bg2 Be7 6. O-O O-O 7. Nc3 d6 8. d5 exd5 9. Nh4 Nbd7 10. Nf5 Nc5 11. cxd5 Re8 12. b4 Ncd7 13. Nd4 Bf8 14. f4 a6 15. Bf3 b5 16. a4 bxa4 17. Qxa4 Nb6 18. Qb3 g6 19. Bd2 Bg7 20. Ne6 fxe6 21. dxe6 Qc8 22. Bxb7 Qxb7 23. Ra5 Kh8 24. f5 Ng4 25. Nd5 Nxd5 26. Rxd5 Qb6+ 27. e3 Ne5 28. f6 Bh6 29. e7 Bg5 30. Rxe5 dxe5 31. f7 Rxe7 32. f8=Q+ Rxf8 33. Rxf8+ Kg7 34. Rg8+ Kf6 35. h4 Bh6 36. g4 g5 37. hxg5+ Bxg5 38. Qd3 e4 39. Qf1+ Ke6 40. Qf5+ Kd6 41. Rxg5 c6 42. Qc5+ Qxc5 43. Rxc5 Re5 44. Rxe5 Kxe5 45. Kf2 Kd5 46. Kg3 Ke5 47. Bc3+ Kd5 48. Kf4 Kc4 49. Bd4 Kxb4 50. Kxe4 c5 51. Ba1 c4 52. Kd4 1-0

[Event "GBR-ch111 Major Open"]
[Site "Liverpool"]
[Date "2025.08.10"]
[Round "9.59"]
[White "Pleimling, Luc"]
[Black "Clerc, Oceane"]
[Result "0-1"]
[WhiteElo "1664"]
[BlackElo "1844"]
[PlyCount "66"]
[EventDate "2025.08.02"]
[EventType "swiss"]
[EventRounds "9"]
[EventCountry "GBR"]
[SourceTitle "BritBase"]
[Source "John Saunders"]
[SourceDate "2025.08.11"]
[SourceVersion "1"]
[SourceVersionDate "2025.08.11"]
[SourceQuality "1"]

1. d4 Nf6 2. Nf3 g6 3. g3 Bg7 4. Bg2 O-O 5. O-O d6 6. b3 d5 7. Bb2 Bf5 8. Nbd2 Ne4 9. Nh4 Nxd2 10. Qxd2 Be6 11. Nf3 c6 12. Rac1 Nd7 13. Rfe1 Nf6 14. c4 Ne4 15. Qb4 Qc7 16. cxd5 Bxd5 17. Ne5 a5 18. Qb5 Qxe5 19. Qd3 Nxf2 20. dxe5 Nxd3 21. exd3 Bxg2 22. Kxg2 Rfd8 23. d4 Rd5 24. Kf3 f6 25. exf6 Bxf6 26. Ba3 Kf7 27. Bc5 e6 28. Re4 Rad8 29. Rd1 Rxc5 30. Rde1 Rc3+ 31. Kg4 Rxd4 32. Rxd4 Bxd4 33. Rf1+ Ke7 0-1

[Event "GBR-ch111 Major Open"]
[Site "Liverpool"]
[Date "2025.08.10"]
[Round "9.60"]
[White "Van Uytvange, Jonas"]
[Black "Barton, Will"]
[Result "1-0"]
[WhiteElo "1566"]
[BlackElo "1580"]
[PlyCount "71"]
[EventDate "2025.08.02"]
[EventType "swiss"]
[EventRounds "9"]
[EventCountry "GBR"]
[SourceTitle "BritBase"]
[Source "John Saunders"]
[SourceDate "2025.08.11"]
[SourceVersion "1"]
[SourceVersionDate "2025.08.11"]
[SourceQuality "1"]

1. e4 c5 2. Nf3 d6 3. d4 cxd4 4. Nxd4 Nf6 5. Nc3 a6 6. Bd2 e6 7. Bd3 Be7 8. Nf3 Nc6 9. h4 b5 10. a3 Bb7 11. Ne2 Qc7 12. Bc3 Rd8 13. Ng3 Ne5 14. Qd2 Nxd3+ 15. cxd3 O-O 16. Ba5 Qc5 17. Bxd8 Bxd8 18. O-O Ng4 19. d4 Qc7 20. Rac1 Qd7 21. b4 f5 22. Nh2 Nxh2 23. Kxh2 Bxh4 24. Rh1 Bxg3+ 25. fxg3 Bxe4 26. Qe2 Rf6 27. Kg1 Rg6 28. Rh3 Qb7 29. Rf1 Qd5 30. Qf2 Qb3 31. Rc1 Qxa3 32. Rc8+ Kf7 33. d5 exd5 34. Qa7+ Kf6 35. Re8 Kg5 36. Qe7+ 1-0